Harry Styles' US Top 10 Hits - Statistics

General Stats
  • This quiz has been taken 25 times
  • The average score is 7 of 8
Answer Stats
Hint Answer % Correct
Harry Styles Sign Of The Times
100%
Kiss All the Time. Disco, Occasionally. Aperture
96%
Harry's House As It Was
96%
Fine Line Watermelon Sugar
96%
Fine Line Adore You
91%
Harry's House Matilda
83%
Harry's House Late Night Talking
70%
Harry's House Music For A Sushi Restaurant
65%
No matching quizzes found
Score Distribution
Percent of People with Each Score
Percentile by Number Answered
Your Score History
You have not taken this quiz